[Event "Chessable Masters - Torneo preliminare"]
[White "Matinian, Nikita"]
[Black "Smirnov, Pavel"]
[WhiteFideId "24129100"]
[BlackFideId "4123425"]
[WhiteElo "2326"]
[BlackElo "2470"]
[Result "0-1"]
[Round "3"]
[TimeControl "600+2"]
[Date "2023.03.13"]
[WhiteClock "0:00:25"]
[BlackClock "0:01:56"]

1. e4 {[%clk 0:10:01]}  e5 {[%clk 0:08:41]} 2. Nf3 {[%clk 0:10:02]}  Nc6 {[%clk 0:08:41]} 3. Bb5 {[%clk 0:10:03]}  a6 {[%clk 0:08:41]} 4. Ba4 {[%clk 0:10:04]}  Nf6 {[%clk 0:08:41]} 5. O-O {[%clk 0:10:05]}  Be7 {[%clk 0:08:41]} 6. d3 {[%clk 0:10:06]}  d6 {[%clk 0:08:40]} 7. c3 {[%clk 0:10:06]}  O-O {[%clk 0:08:40]} 8. Nbd2 {[%clk 0:10:06]}  b5 {[%clk 0:08:40]} 9. Bc2 {[%clk 0:10:07]}  d5 {[%clk 0:08:41]} 10. Re1 {[%clk 0:10:05]}  dxe4 {[%clk 0:08:41]} 11. dxe4 {[%clk 0:10:05]}  Be6 {[%clk 0:08:42]} 12. Qe2 {[%clk 0:10:00]}  Qc8 {[%clk 0:08:41]} 13. Ng5 {[%clk 0:09:16]}  Bg4 {[%clk 0:08:39]} 14. Ngf3 {[%clk 0:09:16]}  Rb8 {[%clk 0:08:27]} 15. Nf1 {[%clk 0:09:15]}  h6 {[%clk 0:07:53]} 16. Ne3 {[%clk 0:09:15]}  Be6 {[%clk 0:07:52]} 17. a4 {[%clk 0:08:30]}  Rd8 {[%clk 0:07:44]} 18. axb5 {[%clk 0:08:25]}  axb5 {[%clk 0:07:43]} 19. h3 {[%clk 0:07:05]}  Bf8 {[%clk 0:06:47]} 20. g4 {[%clk 0:07:01]}  b4 {[%clk 0:06:30]} 21. Nf5 {[%clk 0:06:53]}  bxc3 {[%clk 0:06:27]} 22. bxc3 {[%clk 0:06:54]}  Bb3 {[%clk 0:06:13]} 23. Bxb3 {[%clk 0:06:14]}  Rxb3 {[%clk 0:06:14]} 24. Qc4 {[%clk 0:06:14]}  Qe6 {[%clk 0:06:11]} 25. Ra4 {[%clk 0:05:57]}  Rb1 {[%clk 0:05:58]} 26. Kg2 {[%clk 0:05:29]}  Rdb8 {[%clk 0:05:41]} 27. g5 {[%clk 0:04:58]}  hxg5 {[%clk 0:05:35]} 28. Bxg5 {[%clk 0:04:31]}  Rxe1 {[%clk 0:05:23]} 29. Nxe1 {[%clk 0:04:33]}  Nh7 {[%clk 0:05:09]} 30. h4 {[%clk 0:04:03]}  Qg6 {[%clk 0:04:57]} 31. Nf3 {[%clk 0:04:03]}  Nxg5 {[%clk 0:04:15]} 32. hxg5 {[%clk 0:04:05]}  Kh7 {[%clk 0:03:46]} 33. N5h4 {[%clk 0:02:07]}  Qh5 {[%clk 0:03:04]} 34. Qxc6 {[%clk 0:02:08]}  Qg4+ {[%clk 0:03:02]} 35. Kf1 {[%clk 0:02:09]}  Rb1+ {[%clk 0:02:56]} 36. Ke2 {[%clk 0:02:08]}  Rb2+ {[%clk 0:02:57]} 37. Ke3 {[%clk 0:01:24]}  Qf4+ {[%clk 0:02:42]} 38. Kd3 {[%clk 0:01:25]}  Qc1 {[%clk 0:02:27]} 39. g6+ {[%clk 0:01:26]}  Kh8 {[%clk 0:02:26]} 40. Nxe5 {[%clk 0:00:55]}  Qf1+ {[%clk 0:02:01]} 41. Kd4 {[%clk 0:00:36]}  Rd2+ {[%clk 0:02:01]} 42. Nd3 {[%clk 0:00:32]}  Rxd3+ {[%clk 0:01:55]} 43. Ke5 {[%clk 0:00:32]}  Bd6+ {[%clk 0:01:56]} 44. Qxd6 {[%clk 0:00:25]}  cxd6+ {[%clk 0:01:56]} 0-1


[Site "Internet"]

[Event "Chessable Masters - Torneo preliminare"]
[White "Golubev, Mikhail"]
[Black "Narayanan, Srinath"]
[WhiteFideId "14100983"]
[BlackFideId "5018420"]
[WhiteElo "2361"]
[BlackElo "2482"]
[Result "0-1"]
[Round "3"]
[TimeControl "600+2"]
[Date "2023.03.13"]
[WhiteClock "0:00:10"]
[BlackClock "0:00:18"]

1. e4 {[%clk 0:10:01]}  c6 {[%clk 0:10:00]} 2. d4 {[%clk 0:10:01]}  d5 {[%clk 0:10:00]} 3. e5 {[%clk 0:10:02]}  c5 {[%clk 0:10:01]} 4. dxc5 {[%clk 0:10:00]}  e6 {[%clk 0:10:02]} 5. a3 {[%clk 0:09:57]}  Bxc5 {[%clk 0:10:03]} 6. Nf3 {[%clk 0:09:56]}  Ne7 {[%clk 0:10:03]} 7. b4 {[%clk 0:09:40]}  Bb6 {[%clk 0:10:03]} 8. Bd3 {[%clk 0:09:41]}  Nbc6 {[%clk 0:09:57]} 9. O-O {[%clk 0:09:38]}  Ng6 {[%clk 0:09:52]} 10. Re1 {[%clk 0:08:12]}  O-O {[%clk 0:09:45]} 11. Bb2 {[%clk 0:08:05]}  Nf4 {[%clk 0:09:12]} 12. c4 {[%clk 0:07:52]}  Nxd3 {[%clk 0:07:08]} 13. Qxd3 {[%clk 0:07:50]}  dxc4 {[%clk 0:07:10]} 14. Qxc4 {[%clk 0:07:40]}  Bd7 {[%clk 0:07:11]} 15. Nc3 {[%clk 0:07:03]}  Ne7 {[%clk 0:07:10]} 16. Rad1 {[%clk 0:06:27]}  Qe8 {[%clk 0:07:10]} 17. Qg4 {[%clk 0:04:35]}  Bc6 {[%clk 0:07:03]} 18. Ng5 {[%clk 0:04:01]}  Nf5 {[%clk 0:06:05]} 19. b5 {[%clk 0:02:47]}  Bxb5 {[%clk 0:05:30]} 20. Nce4 {[%clk 0:02:47]}  Kh8 {[%clk 0:04:31]} 21. Qh5 {[%clk 0:02:26]}  Nh6 {[%clk 0:03:42]} 22. Nf6 {[%clk 0:02:12]}  Qc8 {[%clk 0:03:42]} 23. Ngxh7 {[%clk 0:00:53]}  Qc2 {[%clk 0:03:35]} 24. Bd4 {[%clk 0:00:23]}  Ba5 {[%clk 0:01:42]} 25. Re3 {[%clk 0:00:24]}  g6 {[%clk 0:00:34]} 26. Qf3 {[%clk 0:00:23]}  Bc6 {[%clk 0:00:34]} 27. Qe2 {[%clk 0:00:18]}  Qxe2 {[%clk 0:00:24]} 28. Rxe2 {[%clk 0:00:20]}  Rfd8 {[%clk 0:00:25]} 29. Rb2 {[%clk 0:00:10]}  Bc3 {[%clk 0:00:18]} 0-1


[Site "Internet"]

[Event "Chessable Masters - Torneo preliminare"]
[White "Drozdowski, Kacper"]
[Black "Bachmann, Axel"]
[WhiteFideId "1136720"]
[BlackFideId "3700488"]
[WhiteElo "2472"]
[BlackElo "2618"]
[Result "1-0"]
[Round "3"]
[TimeControl "600+2"]
[Date "2023.03.13"]
[WhiteClock "0:00:20"]
[BlackClock "0:00:04"]

1. e4 {[%clk 0:10:01]}  e5 {[%clk 0:08:11]} 2. Nf3 {[%clk 0:10:01]}  Nf6 {[%clk 0:08:12]} 3. Nc3 {[%clk 0:09:57]}  d6 {[%clk 0:08:07]} 4. d4 {[%clk 0:09:56]}  Nbd7 {[%clk 0:08:08]} 5. Bc4 {[%clk 0:09:57]}  Be7 {[%clk 0:08:08]} 6. O-O {[%clk 0:09:58]}  O-O {[%clk 0:08:09]} 7. a4 {[%clk 0:09:58]}  a5 {[%clk 0:08:02]} 8. h3 {[%clk 0:09:57]}  c6 {[%clk 0:08:00]} 9. Re1 {[%clk 0:09:56]}  Nb6 {[%clk 0:07:45]} 10. Bf1 {[%clk 0:09:13]}  Nfd7 {[%clk 0:06:58]} 11. b3 {[%clk 0:09:07]}  exd4 {[%clk 0:06:56]} 12. Nxd4 {[%clk 0:09:06]}  Nc5 {[%clk 0:06:57]} 13. Ba3 {[%clk 0:08:20]}  Re8 {[%clk 0:06:49]} 14. Qf3 {[%clk 0:08:14]}  Bf8 {[%clk 0:06:26]} 15. Rad1 {[%clk 0:08:10]}  Qg5 {[%clk 0:06:26]} 16. Bc1 {[%clk 0:06:11]}  Qg6 {[%clk 0:06:25]} 17. Bf4 {[%clk 0:06:11]}  Nbd7 {[%clk 0:05:51]} 18. Qg3 {[%clk 0:05:56]}  Qxg3 {[%clk 0:05:45]} 19. Bxg3 {[%clk 0:05:56]}  Nf6 {[%clk 0:05:47]} 20. e5 {[%clk 0:05:31]}  dxe5 {[%clk 0:03:59]} 21. Rxe5 {[%clk 0:05:27]}  Rd8 {[%clk 0:03:24]} 22. Ree1 {[%clk 0:05:12]}  Na6 {[%clk 0:02:17]} 23. Bxa6 {[%clk 0:04:23]}  Rxa6 {[%clk 0:02:19]} 24. Nf3 {[%clk 0:04:00]}  Rxd1 {[%clk 0:01:41]} 25. Rxd1 {[%clk 0:04:02]}  c5 {[%clk 0:01:43]} 26. Rd8 {[%clk 0:03:55]}  Bf5 {[%clk 0:01:44]} 27. Nb5 {[%clk 0:03:23]}  Re6 {[%clk 0:01:32]} 28. Nc7 {[%clk 0:03:11]}  Rc6 {[%clk 0:01:32]} 29. c4 {[%clk 0:02:50]}  h6 {[%clk 0:00:48]} 30. Rb8 {[%clk 0:02:13]}  Ne4 {[%clk 0:00:21]} 31. Nd5 {[%clk 0:01:50]}  Rc8 {[%clk 0:00:21]} 32. Rxb7 {[%clk 0:01:49]}  Nxg3 {[%clk 0:00:21]} 33. fxg3 {[%clk 0:01:50]}  Re8 {[%clk 0:00:20]} 34. Rb5 {[%clk 0:01:20]}  Bc2 {[%clk 0:00:21]} 35. Kf2 {[%clk 0:01:17]}  Bd3 {[%clk 0:00:12]} 36. Ne3 {[%clk 0:00:55]}  g5 {[%clk 0:00:07]} 37. Rxa5 {[%clk 0:00:53]}  f5 {[%clk 0:00:09]} 38. Ra7 {[%clk 0:00:48]}  Bg7 {[%clk 0:00:09]} 39. Rd7 {[%clk 0:00:43]}  Be4 {[%clk 0:00:06]} 40. g4 {[%clk 0:00:36]}  fxg4 {[%clk 0:00:03]} 41. hxg4 {[%clk 0:00:38]}  Rb8 {[%clk 0:00:04]} 42. Nd2 {[%clk 0:00:29]}  Bg6 {[%clk 0:00:04]} 43. Nf5 {[%clk 0:00:25]}  Bc3 {[%clk 0:00:04]} 44. Ne7+ {[%clk 0:00:19]}  Kf7 {[%clk 0:00:03]} 45. Nc6+ {[%clk 0:00:20]}  Ke6 {[%clk 0:00:04]} 46. Nxb8 {[%clk 0:00:20]} 1-0


[Site "Internet"]

[Event "Chessable Masters - Torneo preliminare"]
[White "Ibarra Jerez, Jose Carlos"]
[Black "Wagner, Dennis"]
[WhiteFideId "2226332"]
[BlackFideId "24650684"]
[WhiteElo "2546"]
[BlackElo "2456"]
[Result "1/2-1/2"]
[Round "3"]
[TimeControl "600+2"]
[Date "2023.03.13"]
[WhiteClock "0:08:33"]
[BlackClock "0:06:10"]

1. e4 {[%clk 0:09:58]}  e5 {[%clk 0:09:57]} 2. Nf3 {[%clk 0:09:57]}  Nc6 {[%clk 0:09:58]} 3. Nc3 {[%clk 0:09:59]}  Nf6 {[%clk 0:09:59]} 4. h3 {[%clk 0:10:00]}  Bb4 {[%clk 0:09:56]} 5. Nd5 {[%clk 0:09:58]}  Nxd5 {[%clk 0:09:57]} 6. exd5 {[%clk 0:09:59]}  e4 {[%clk 0:09:50]} 7. dxc6 {[%clk 0:09:57]}  exf3 {[%clk 0:09:51]} 8. Qxf3 {[%clk 0:09:56]}  dxc6 {[%clk 0:09:40]} 9. Bc4 {[%clk 0:09:54]}  O-O {[%clk 0:09:15]} 10. O-O {[%clk 0:09:51]}  Qd7 {[%clk 0:08:59]} 11. Re1 {[%clk 0:09:21]}  Qf5 {[%clk 0:08:50]} 12. Qxf5 {[%clk 0:09:09]}  Bxf5 {[%clk 0:08:52]} 13. c3 {[%clk 0:09:08]}  Bd6 {[%clk 0:08:51]} 14. d4 {[%clk 0:09:09]}  Rfe8 {[%clk 0:08:39]} 15. Bd2 {[%clk 0:09:02]}  h5 {[%clk 0:08:33]} 16. Rxe8+ {[%clk 0:08:58]}  Rxe8 {[%clk 0:08:33]} 17. Re1 {[%clk 0:08:54]}  Rxe1+ {[%clk 0:08:34]} 18. Bxe1 {[%clk 0:08:56]}  Kf8 {[%clk 0:06:53]} 19. Bd2 {[%clk 0:08:55]}  Ke7 {[%clk 0:06:47]} 20. Kf1 {[%clk 0:08:56]}  f6 {[%clk 0:06:40]} 21. Ke2 {[%clk 0:08:56]}  g5 {[%clk 0:06:36]} 22. Bd3 {[%clk 0:08:41]}  Ke6 {[%clk 0:06:06]} 23. Bc4+ {[%clk 0:08:35]}  Ke7 {[%clk 0:06:08]} 24. Bd3 {[%clk 0:08:35]}  Ke6 {[%clk 0:06:09]} 25. Bc4+ {[%clk 0:08:33]}  Ke7 {[%clk 0:06:10]} 1/2-1/2


[Site "Internet"]

[Event "Chessable Masters - Torneo preliminare"]
[White "Larino Nieto, David"]
[Black "Chigaev, Maksim"]
[WhiteFideId "2256444"]
[BlackFideId "4108116"]
[WhiteElo "2496"]
[BlackElo "2568"]
[Result "0-1"]
[Round "3"]
[TimeControl "600+2"]
[Date "2023.03.13"]
[WhiteClock "0:00:16"]
[BlackClock "0:03:00"]

1. e4 {[%clk 0:10:01]}  c5 {[%clk 0:10:01]} 2. Nc3 {[%clk 0:10:02]}  Nc6 {[%clk 0:09:59]} 3. g3 {[%clk 0:10:04]}  g6 {[%clk 0:09:55]} 4. Bg2 {[%clk 0:10:04]}  Bg7 {[%clk 0:09:57]} 5. d3 {[%clk 0:10:04]}  d6 {[%clk 0:09:58]} 6. f4 {[%clk 0:10:06]}  e6 {[%clk 0:09:58]} 7. Nf3 {[%clk 0:10:07]}  Nge7 {[%clk 0:09:59]} 8. O-O {[%clk 0:10:06]}  O-O {[%clk 0:10:01]} 9. Be3 {[%clk 0:10:01]}  b6 {[%clk 0:10:01]} 10. Bf2 {[%clk 0:10:01]}  Ba6 {[%clk 0:10:02]} 11. Re1 {[%clk 0:09:58]}  Qd7 {[%clk 0:10:03]} 12. a4 {[%clk 0:09:53]}  Rac8 {[%clk 0:10:00]} 13. d4 {[%clk 0:09:44]}  cxd4 {[%clk 0:09:09]} 14. Nxd4 {[%clk 0:09:46]}  Rfd8 {[%clk 0:09:02]} 15. Qd2 {[%clk 0:08:29]}  Na5 {[%clk 0:08:35]} 16. Rad1 {[%clk 0:08:25]}  Nc4 {[%clk 0:08:20]} 17. Qc1 {[%clk 0:08:25]}  e5 {[%clk 0:08:20]} 18. fxe5 {[%clk 0:08:15]}  Nxe5 {[%clk 0:08:13]} 19. Ndb5 {[%clk 0:08:00]}  Bxb5 {[%clk 0:08:03]} 20. Nxb5 {[%clk 0:07:56]}  Rc6 {[%clk 0:07:06]} 21. Nd4 {[%clk 0:07:21]}  Rcc8 {[%clk 0:06:56]} 22. Nb5 {[%clk 0:07:16]}  Ng4 {[%clk 0:04:11]} 23. Bh3 {[%clk 0:05:52]}  Be5 {[%clk 0:04:10]} 24. Bd4 {[%clk 0:05:05]}  Nc6 {[%clk 0:03:56]} 25. Bf2 {[%clk 0:02:41]}  h5 {[%clk 0:03:50]} 26. Nxd6 {[%clk 0:01:07]}  Bxd6 {[%clk 0:03:44]} 27. e5 {[%clk 0:01:08]}  Ncxe5 {[%clk 0:03:10]} 28. Rxe5 {[%clk 0:01:01]}  Qxa4 {[%clk 0:03:04]} 29. Red5 {[%clk 0:00:44]}  Nxf2 {[%clk 0:02:59]} 30. Bxc8 {[%clk 0:00:25]}  Nxd1 {[%clk 0:02:59]} 31. Qxd1 {[%clk 0:00:16]}  Bc5+ {[%clk 0:03:00]} 0-1


[Site "Internet"]

[Event "Chessable Masters - Torneo preliminare"]
[White "Sarana, Alexey"]
[Black "Girya, Olga"]
[WhiteFideId "24133795"]
[BlackFideId "4195752"]
[WhiteElo "2643"]
[BlackElo "2327"]
[Result "1-0"]
[Round "3"]
[TimeControl "600+2"]
[Date "2023.03.13"]
[WhiteClock "0:08:06"]
[BlackClock "0:00:05"]

1. c4 {[%clk 0:10:01]}  Nf6 {[%clk 0:09:55]} 2. Nc3 {[%clk 0:10:02]}  e5 {[%clk 0:09:56]} 3. Nf3 {[%clk 0:10:03]}  Nc6 {[%clk 0:09:56]} 4. g3 {[%clk 0:10:05]}  Bb4 {[%clk 0:08:54]} 5. Nd5 {[%clk 0:10:04]}  Bc5 {[%clk 0:08:54]} 6. Bg2 {[%clk 0:10:04]}  d6 {[%clk 0:08:51]} 7. e3 {[%clk 0:10:04]}  Nxd5 {[%clk 0:08:48]} 8. cxd5 {[%clk 0:10:01]}  Ne7 {[%clk 0:08:48]} 9. d4 {[%clk 0:09:58]}  Bb4+ {[%clk 0:08:43]} 10. Nd2 {[%clk 0:09:55]}  O-O {[%clk 0:08:27]} 11. a3 {[%clk 0:09:50]}  Bxd2+ {[%clk 0:08:02]} 12. Qxd2 {[%clk 0:09:52]}  f6 {[%clk 0:06:28]} 13. O-O {[%clk 0:09:51]}  Bd7 {[%clk 0:05:46]} 14. b4 {[%clk 0:09:50]}  Qc8 {[%clk 0:05:19]} 15. Re1 {[%clk 0:09:49]}  Bh3 {[%clk 0:05:19]} 16. Bh1 {[%clk 0:09:49]}  Nf5 {[%clk 0:05:08]} 17. Bb2 {[%clk 0:09:46]}  Qd7 {[%clk 0:04:52]} 18. Rac1 {[%clk 0:09:43]}  a5 {[%clk 0:04:03]} 19. e4 {[%clk 0:09:32]}  Nxd4 {[%clk 0:03:59]} 20. Bxd4 {[%clk 0:09:34]}  exd4 {[%clk 0:04:00]} 21. Qxd4 {[%clk 0:09:27]}  axb4 {[%clk 0:03:59]} 22. axb4 {[%clk 0:09:29]}  Rf7 {[%clk 0:03:36]} 23. Ra1 {[%clk 0:09:23]}  Re8 {[%clk 0:03:26]} 24. f4 {[%clk 0:09:20]}  Rfe7 {[%clk 0:03:22]} 25. Rac1 {[%clk 0:09:14]}  Qb5 {[%clk 0:02:59]} 26. Bf3 {[%clk 0:09:12]}  Ra8 {[%clk 0:02:32]} 27. Rc4 {[%clk 0:09:05]}  Ra3 {[%clk 0:02:18]} 28. Be2 {[%clk 0:09:04]}  Qe8 {[%clk 0:02:04]} 29. Bd1 {[%clk 0:08:59]}  Bf5 {[%clk 0:01:15]} 30. Qb2 {[%clk 0:08:41]}  Rd3 {[%clk 0:00:38]} 31. Bc2 {[%clk 0:08:12]}  b5 {[%clk 0:00:15]} 32. Rxc7 {[%clk 0:08:04]}  Rxc7 {[%clk 0:00:08]} 33. Bxd3 {[%clk 0:08:06]}  Re7 {[%clk 0:00:05]} 34. Qd4 {[%clk 0:08:06]}  Bg6 {[%clk 0:00:04]} 35. Kg2 {[%clk 0:08:06]}  Qa8 {[%clk 0:00:02]} 36. g4 {[%clk 0:08:07]}  Qa2+ {[%clk 0:00:02]} 37. Re2 {[%clk 0:08:08]}  Qa4 {[%clk 0:00:02]} 38. Rc2 {[%clk 0:08:09]}  h6 {[%clk 0:00:03]} 39. h4 {[%clk 0:08:10]}  Bf7 {[%clk 0:00:03]} 40. h5 {[%clk 0:08:12]}  Re8 {[%clk 0:00:03]} 41. Kf3 {[%clk 0:08:12]}  Qb3 {[%clk 0:00:04]} 42. Qc3 {[%clk 0:08:04]}  Qa4 {[%clk 0:00:05]} 43. Rc1 {[%clk 0:08:04]}  Ra8 {[%clk 0:00:05]} 44. Qb2 {[%clk 0:08:02]}  Qa3 {[%clk 0:00:05]} 45. Qxa3 {[%clk 0:08:02]}  Rxa3 {[%clk 0:00:06]} 46. Rc8+ {[%clk 0:08:03]}  Kh7 {[%clk 0:00:06]} 47. Ke2 {[%clk 0:08:04]}  g6 {[%clk 0:00:03]} 48. e5 {[%clk 0:07:59]}  dxe5 {[%clk 0:00:02]} 49. hxg6+ {[%clk 0:08:00]}  Bxg6 {[%clk 0:00:02]} 50. Rc7+ {[%clk 0:08:02]}  Kg8 {[%clk 0:00:04]} 51. Bxg6 {[%clk 0:08:04]}  exf4 {[%clk 0:00:05]} 52. d6 {[%clk 0:08:06]} 1-0


[Site "Internet"]

[Event "Chessable Masters - Torneo preliminare"]
[White "Svane, Rasmus"]
[Black "Yu, Yangyi"]
[WhiteFideId "4657101"]
[BlackFideId "8603820"]
[WhiteElo "2621"]
[BlackElo "2734"]
[Result "0-1"]
[Round "3"]
[TimeControl "600+2"]
[Date "2023.03.13"]
[WhiteClock "0:02:17"]
[BlackClock "0:05:58"]

1. Nf3 {[%clk 0:10:01]}  d5 {[%clk 0:09:48]} 2. g3 {[%clk 0:10:02]}  Nc6 {[%clk 0:09:48]} 3. d4 {[%clk 0:10:01]}  Bf5 {[%clk 0:09:48]} 4. Bg2 {[%clk 0:10:02]}  e6 {[%clk 0:09:49]} 5. O-O {[%clk 0:10:01]}  Nb4 {[%clk 0:09:49]} 6. Na3 {[%clk 0:10:00]}  Nc6 {[%clk 0:09:50]} 7. Nb1 {[%clk 0:09:59]}  Nb4 {[%clk 0:09:51]} 8. Ne1 {[%clk 0:09:42]}  Be7 {[%clk 0:09:40]} 9. c3 {[%clk 0:09:38]}  Nc6 {[%clk 0:09:41]} 10. Nd3 {[%clk 0:09:37]}  Nf6 {[%clk 0:09:37]} 11. Re1 {[%clk 0:08:45]}  a5 {[%clk 0:09:32]} 12. Nd2 {[%clk 0:08:31]}  h5 {[%clk 0:08:32]} 13. e4 {[%clk 0:08:22]}  dxe4 {[%clk 0:08:30]} 14. Nxe4 {[%clk 0:08:24]}  Nxe4 {[%clk 0:08:29]} 15. Bxe4 {[%clk 0:08:26]}  Bxe4 {[%clk 0:08:30]} 16. Rxe4 {[%clk 0:08:28]}  Qd5 {[%clk 0:08:15]} 17. Qf3 {[%clk 0:07:40]}  O-O-O {[%clk 0:07:48]} 18. Rf4 {[%clk 0:06:13]}  f6 {[%clk 0:07:05]} 19. Qxd5 {[%clk 0:03:59]}  Rxd5 {[%clk 0:07:05]} 20. Rf3 {[%clk 0:03:53]}  e5 {[%clk 0:06:24]} 21. dxe5 {[%clk 0:03:45]}  fxe5 {[%clk 0:06:18]} 22. Ne1 {[%clk 0:03:22]}  Rd1 {[%clk 0:06:03]} 23. Kf1 {[%clk 0:03:13]}  Bg5 {[%clk 0:06:01]} 24. Bxg5 {[%clk 0:02:16]}  Rxa1 {[%clk 0:06:02]} 25. a3 {[%clk 0:02:17]}  a4 {[%clk 0:05:58]} 0-1


[Site "Internet"]

[Event "Chessable Masters - Torneo preliminare"]
[White "Grischuk, Alexander"]
[Black "Fressinet, Laurent"]
[WhiteFideId "4126025"]
[BlackFideId "608742"]
[WhiteElo "2731"]
[BlackElo "2689"]
[Result "0-1"]
[Round "3"]
[TimeControl "600+2"]
[Date "2023.03.13"]
[WhiteClock "0:00:08"]
[BlackClock "0:00:17"]

1. e4 {[%clk 0:08:58]}  e5 {[%clk 0:09:58]} 2. Nf3 {[%clk 0:08:59]}  Nc6 {[%clk 0:09:58]} 3. Nc3 {[%clk 0:09:00]}  Nf6 {[%clk 0:09:57]} 4. Bb5 {[%clk 0:09:02]}  Bc5 {[%clk 0:09:50]} 5. O-O {[%clk 0:08:58]}  O-O {[%clk 0:09:29]} 6. Bxc6 {[%clk 0:08:58]}  dxc6 {[%clk 0:09:29]} 7. d3 {[%clk 0:08:59]}  Nd7 {[%clk 0:09:08]} 8. a4 {[%clk 0:09:00]}  a5 {[%clk 0:08:51]} 9. Be3 {[%clk 0:09:00]}  Bd6 {[%clk 0:08:48]} 10. Nd2 {[%clk 0:08:58]}  Re8 {[%clk 0:08:37]} 11. Kh1 {[%clk 0:08:39]}  Nf8 {[%clk 0:08:20]} 12. f4 {[%clk 0:08:36]}  exf4 {[%clk 0:08:08]} 13. Bxf4 {[%clk 0:08:38]}  Be6 {[%clk 0:08:02]} 14. Qh5 {[%clk 0:08:13]}  Ng6 {[%clk 0:07:28]} 15. Bxd6 {[%clk 0:08:14]}  cxd6 {[%clk 0:07:30]} 16. Ne2 {[%clk 0:07:14]}  d5 {[%clk 0:06:58]} 17. b3 {[%clk 0:06:44]}  Qh4 {[%clk 0:06:27]} 18. Qxh4 {[%clk 0:06:40]}  Nxh4 {[%clk 0:06:29]} 19. exd5 {[%clk 0:05:23]}  Bxd5 {[%clk 0:05:55]} 20. Nf4 {[%clk 0:05:24]}  Rad8 {[%clk 0:05:26]} 21. Rae1 {[%clk 0:05:01]}  Kf8 {[%clk 0:04:48]} 22. Kg1 {[%clk 0:05:00]}  f6 {[%clk 0:03:55]} 23. Nc4 {[%clk 0:03:26]}  Bxc4 {[%clk 0:03:28]} 24. bxc4 {[%clk 0:03:28]}  Rxe1 {[%clk 0:03:07]} 25. Rxe1 {[%clk 0:03:28]}  Kf7 {[%clk 0:03:08]} 26. Kf2 {[%clk 0:03:16]}  Nf5 {[%clk 0:02:49]} 27. g4 {[%clk 0:02:44]}  Rd4 {[%clk 0:01:55]} 28. gxf5 {[%clk 0:01:33]}  Rxf4+ {[%clk 0:01:53]} 29. Kg3 {[%clk 0:01:35]}  Rd4 {[%clk 0:01:25]} 30. Rb1 {[%clk 0:01:03]}  Rd7 {[%clk 0:01:26]} 31. h4 {[%clk 0:00:56]}  g6 {[%clk 0:01:21]} 32. h5 {[%clk 0:00:49]}  gxh5 {[%clk 0:00:36]} 33. Kh4 {[%clk 0:00:46]}  Ke7 {[%clk 0:00:35]} 34. Re1+ {[%clk 0:00:38]}  Kd6 {[%clk 0:00:28]} 35. d4 {[%clk 0:00:14]}  Kc7 {[%clk 0:00:28]} 36. c3 {[%clk 0:00:15]}  Rg7 {[%clk 0:00:27]} 37. Kxh5 {[%clk 0:00:15]}  Rg5+ {[%clk 0:00:25]} 38. Kh6 {[%clk 0:00:13]}  Rxf5 {[%clk 0:00:27]} 39. Kxh7 {[%clk 0:00:08]}  Rf3 {[%clk 0:00:28]} 40. Rc1 {[%clk 0:00:08]}  Rg3 {[%clk 0:00:25]} 41. c5 {[%clk 0:00:08]}  f5 {[%clk 0:00:23]} 42. Kh6 {[%clk 0:00:04]}  f4 {[%clk 0:00:23]} 43. Kh5 {[%clk 0:00:05]}  Rg2 {[%clk 0:00:13]} 44. Rf1 {[%clk 0:00:04]}  Ra2 {[%clk 0:00:13]} 45. Rxf4 {[%clk 0:00:04]}  Rxa4 {[%clk 0:00:14]} 46. Rf7+ {[%clk 0:00:04]}  Kb8 {[%clk 0:00:15]} 47. Kg4 {[%clk 0:00:06]}  Rc4 {[%clk 0:00:15]} 48. Rf3 {[%clk 0:00:06]}  a4 {[%clk 0:00:16]} 49. Kf4 {[%clk 0:00:04]}  a3 {[%clk 0:00:16]} 50. Ke4 {[%clk 0:00:04]}  a2 {[%clk 0:00:16]} 51. Rf1 {[%clk 0:00:05]}  Rxc3 {[%clk 0:00:18]} 52. Ra1 {[%clk 0:00:06]}  Ra3 {[%clk 0:00:19]} 53. d5 {[%clk 0:00:07]}  Kc7 {[%clk 0:00:15]} 54. Kd4 {[%clk 0:00:04]}  Ra4+ {[%clk 0:00:15]} 55. Ke5 {[%clk 0:00:05]}  cxd5 {[%clk 0:00:16]} 56. Kxd5 {[%clk 0:00:07]}  Kd7 {[%clk 0:00:18]} 57. c6+ {[%clk 0:00:06]}  bxc6+ {[%clk 0:00:16]} 58. Kc5 {[%clk 0:00:08]}  Kc7 {[%clk 0:00:17]} 0-1


[Site "Internet"]

[Event "Chessable Masters - Torneo preliminare"]
[White "Esipenko, Andrey"]
[Black "Xu, Yinglun"]
[WhiteFideId "24175439"]
[BlackFideId "8604940"]
[WhiteElo "2682"]
[BlackElo "2523"]
[Result "1-0"]
[Round "3"]
[TimeControl "600+2"]
[Date "2023.03.13"]
[WhiteClock "0:03:41"]
[BlackClock "0:02:18"]

1. d4 {[%clk 0:10:01]}  Nf6 {[%clk 0:10:00]} 2. c4 {[%clk 0:10:02]}  e6 {[%clk 0:10:01]} 3. Nf3 {[%clk 0:10:02]}  d5 {[%clk 0:10:02]} 4. g3 {[%clk 0:10:03]}  dxc4 {[%clk 0:09:52]} 5. Bg2 {[%clk 0:10:03]}  c6 {[%clk 0:09:50]} 6. O-O {[%clk 0:10:00]}  b5 {[%clk 0:09:48]} 7. a4 {[%clk 0:09:59]}  Bb7 {[%clk 0:09:48]} 8. Ne5 {[%clk 0:09:59]}  a6 {[%clk 0:09:44]} 9. b3 {[%clk 0:10:00]}  cxb3 {[%clk 0:09:36]} 10. Qxb3 {[%clk 0:10:02]}  Be7 {[%clk 0:09:30]} 11. axb5 {[%clk 0:10:01]}  axb5 {[%clk 0:09:30]} 12. Rxa8 {[%clk 0:10:03]}  Bxa8 {[%clk 0:09:31]} 13. Qa2 {[%clk 0:10:04]}  Nbd7 {[%clk 0:08:35]} 14. Nxc6 {[%clk 0:08:15]}  Bxc6 {[%clk 0:08:33]} 15. Bxc6 {[%clk 0:08:17]}  b4 {[%clk 0:08:14]} 16. Nd2 {[%clk 0:08:00]}  O-O {[%clk 0:08:13]} 17. Nb3 {[%clk 0:07:44]}  Nb6 {[%clk 0:07:42]} 18. Bf3 {[%clk 0:05:56]}  Nfd5 {[%clk 0:07:11]} 19. e4 {[%clk 0:05:30]}  Nc3 {[%clk 0:07:07]} 20. Qa6 {[%clk 0:05:31]}  Qc7 {[%clk 0:05:20]} 21. Bf4 {[%clk 0:04:26]}  Qc4 {[%clk 0:05:17]} 22. Qxb6 {[%clk 0:04:17]}  Qxb3 {[%clk 0:05:18]} 23. Qb7 {[%clk 0:04:15]}  Bf6 {[%clk 0:04:45]} 24. Bd6 {[%clk 0:04:14]}  Bxd4 {[%clk 0:02:18]} 25. Bxf8 {[%clk 0:03:46]}  Kxf8 {[%clk 0:02:18]} 26. Qd7 {[%clk 0:03:41]} 1-0


[Site "Internet"]